000 00804nam a2200241 4500
003 DO-SdBNP
005 20241004083045.0
008 161207b2011 p 00| 0 spa d
020 _a9786124063422
040 _aBPMSU
_bspa
_cBPMSU
082 4 _a839.81
_bA544p 2011
_222
100 1 _aAndersen Hans Christian
_d1805-1875.
245 1 3 _aLa sirenita /
_cHans Christian Andersen ; ilustración Gerson Jara Morales
260 _a Lima, Perú :
_bEducativa,
_c2011
300 _3[10 páginas ] :
_bils. ;
_c26 cm
490 0 _aPintacuentos pintando mis personajes
590 _aInventariado, 2024/VM
650 4 _aCuentos infantiles daneses
_x
650 4 _aLibros ilustrados para niños
700 1 _aJara Morales, Gerson
_eilustración
910 _aVMateo V. Control de calidad BPMSU
942 _2ddc
_cBK
999 _c14818
_d14818